000 00306nam a2200121Ia 4500
008 150731s2014 xx 000 0 und d
082 _a618.1
_bG 14 S
100 _aSATHUA,SIDHESWAR
245 _aGARBHA VIJNANA (EMBNYOLOGY)
260 _bCHAUKHAMBHA PUB. NEW DELHI
_c2014
300 _a199
942 _2ddc
_cBK
999 _c7774
_d7774